000 00574nam a2200205Ia 4500
008 131103s9999 xx 000 0 und d
040 _aLoreto College
041 _aEnglish
082 _a822.33(ID)/JUL/URE
_bLCLIB/17183,19022,17614
245 _aJulius Caesar
_cEdited by Peter Ure
260 _aLondon
_bMacmillan
_c1969
300 _a264p.
_c 21cm.
440 _aA casebook
504 _aIncludes index
650 _aShakespeare, William - criticism
651 _aEnglish Drama
700 _aUre, Peter; ed.
850 _aLCLIB/822.33(ID)/JUL/URE
942 _cBK
999 _c21995
_d72474